000 00447nam a2200181Ia 4500
008 151202s9999||||xx |||||||||||||| ||und||
082 _bPNVM-12965
100 _aभावे पु.भा.
245 _aध्यास.
260 _b---
260 _c0
300 _a0
600 _aभावे पु.भा.
630 _aध्यास.
700 _aभावे पु.भा.
730 _aध्यास.
942 _cBOOK
999 _c1278952
_d1278949